000 00420nam a2200169Ia 4500
008 180921t1971 xxu||||| |||| 00| 0 eng d
041 _aeng
080 _a574
_bROB
100 _aRoberts, M.B.V.
245 _aBiology : A functional approach
260 _b
_c1971
300 _a693p., ill., 28 cm
650 _aEvolution
_aEcology
_aCell
942 _cBK
999 _c19596
_d19596
003 LK-CoDNM
040 _aLK-CoDNM
_dLK-CoDNM
_eLK-CoDNM